50 films à remplir - 2013 - Statistiques

Statistiques générales
  • Ce quiz a été pris 196 fois
  • Le résultat moyen est 33 sur 50
Statistiques - réponses
Hint Réponse % Correct
... et Bill Boule
96%
Le ... de Wall Street Loup
95%
Moi, ... et méchant 2 Moche
95%
La ... des neiges Reine
95%
Very Bad ... 3 Trip
95%
... et Sébastien Belle
94%
La Vie d'... Adèle
92%
... Man 3 Iron
91%
Fast & Furious ... 6
89%
... le Magnifique Gatsby
89%
Hunger Games : L'... Embrasement
86%
Le ... se lève Vent
85%
... la France Vive
85%
World War ... Z
84%
Die ... : Belle journée pour mourir Hard
83%
Thor : Le ... des ténèbres Monde
83%
... : Le Transperceneige Snowpiercer
81%
Man of ... Steel
79%
Casse-tête ... Chinois
77%
... Croods Les
75%
C'est la ... Fin
74%
... (à la dérive dans l'espace) Gravity
74%
Wolverine : Le Combat de l'... Immortel
74%
Le Monde Fantastique d'... Oz
74%
12 Years a ... Slave
74%
Le Hobbit : La ... de Smaug Désolation
72%
Conjuring : Les ... Warren Dossiers
71%
9 mois ... Ferme
71%
Only ... Forgives God
68%
Le ... Majordome
66%
... Rim Pacific
64%
Les ... Profs
64%
Les Garçons et ..., à table ! Guillaume
62%
Star Trek Into ... Darkness
58%
Percy Jackson : La ... des monstres Mer
58%
... Academy Monstres
55%
... Midnight Before
54%
Capitaine ... Phillips
49%
... à bicyclette Alceste
48%
... Buyers Club Dallas
48%
After ... Earth
46%
Le Dernier ... avant la fin du monde Pub
45%
Only ... Left Alive Lovers
28%
American ... Bluff
26%
Blue ... Jasmine
24%
States of ... Grace
22%
La grande ... Bellezza
20%
New York ... Melody
19%
... Llewyn Davis Inside
18%
Jorodowsky's ... Dune
13%
Aucun quiz correspondant
Distribution des résultats
% des personnes avec chaque résultat
Percentile par nombre de réponses
Votre historique - résultats
Vous n’avez pas pris ce quiz